00628nam a2200193 a 4500003000400000005001700004008004100021050002800062100001800090245006800108260004500176300002100221521001000242650003100252650002000283942001200303999001700315952010200332OSt20140506143510.0021129s19uu xx 00 eng d aBF 173.F85 b.F753 1981 aFromm, Erich. aGreatness and limitations of Freud's thought /cby Erich Fromm. aNew York :bNew Amrican Library,cc1981. a148 p. :c18 cm. aPSYCH aFreud, Sigmund, 1856-1939. aPsychoanalysis. cBK2lcc c21419d21419 00102lcc40aCLbCLcGCd2006-03-07l0oBF 173.F85 .F253 1981pC6903r2018-05-15 00:00:00t1yBK